Anales de la República. Textos constitucionales de Chile y registro de los ciudadanos que han integrado los poderes ejecutivo y legislativo desde 1810

-д хадгалсан:
Номзүйн дэлгэрэнгүй
Үндсэн зохиолч: Valencia Avaria, Luis (compilador)
Формат: Ном
Хэл сонгох:испани
Хэвлэсэн: Santiago, Chile: Andres Bello, 1986
Хэвлэл:Segunda edición
Нөхцлүүд:
Шошгууд: Шошго нэмэх
Шошго байхгүй, Энэхүү баримтыг шошголох эхний хүн болох!

MARC

LEADER 00000nam a2200000 a 4500
001 UCT9791
003 CL-VaPUC
005 20220822114449.0
008 970411e19510000CL |||||||||||||||||spa|d
999 |c 435649  |d 435647 
040 |c Pontificia Universidad Católica de Valparaíso 
082 0 4 |a 342.83 VAL 1986  |2 21 
100 0 |a Valencia Avaria, Luis  |e compilador  |9 382816 
245 1 0 |a Anales de la República.   |b Textos constitucionales de Chile y registro de los ciudadanos que han integrado los poderes ejecutivo y legislativo desde 1810 
250 |a Segunda edición 
260 |a Santiago, Chile:  |b Andres Bello,  |c 1986 
300 |a 2 tomos  
500 |a c.1 t.I. Donación Familia Prof. Alejandro Guzmán Brito. 
583 |a last modification  |c 19970411 00:00:00  |k Catalogador Asistente 
650 0 |a Constituciones  |z Chile  |9 255417 
650 7 |a Constitución 1822  |2 CL-VaPUC  |9 382678  |z Chile 
650 7 |a Constitución 1823  |2 CL-VaPUC  |9 382679  |z Chile 
650 7 |a Constitución 1833  |2 CL-VaPUC  |9 312090  |z Chile 
650 7 |a Constitución 1925  |2 CL-VaPUC  |9 258619  |z Chile 
650 0 |a Poder legislativo  |z Chile  |9 258808 
650 0 |a Historia constitucional  |z Chile  |9 256052 
852 |a BIBCUR 
942 |c BK  |2 ddc  |n 0 
945 |d 19970411 00:00:00  |a paguirre